000 00573nam a2200253Ia 4500
005 20260123122748.0
008 008 260114s9999 xx 000 0 eng d
020 _a9781506389196
037 _aEBOOK
040 _aCRL
040 _beng
040 _cCRL
041 _2eng
041 _aeng
084 _qCRL
100 _aSugata Mitra
_91105274
245 4 _aThe School in Cloud
260 _bSAGE
260 _c2020
856 _uhttps://sk.sagepub.com/books/the-school-in-the-cloud
942 _cEBOOK
999 _c1670510
_d1670510